Edward C. Walthall papers, (Record no. 44319)

MARC details
000 -LEADER
fixed length control field 01922cpcaa2200373 a 4500
001 - CONTROL NUMBER
control field mm 95006320
003 - CONTROL NUMBER IDENTIFIER
control field DLC
005 - DATE AND TIME OF LATEST TRANSACTION
control field 20260227111724.0
008 - FIXED-LENGTH DATA ELEMENTS--GENERAL INFORMATION
fixed length control field 950714|||||||||||| eng
010 ## - LIBRARY OF CONGRESS CONTROL NUMBER
LC control number mm 95006320
040 ## - CATALOGING SOURCE
Original cataloging agency DLC
Transcribing agency DLC
Modifying agency DLC
Description conventions dacs
072 #7 - SUBJECT CATEGORY CODE
Subject category code N
Source lcmd
100 1# - MAIN ENTRY--PERSONAL NAME
Personal name Walthall, Edward C.
Fuller form of name (Edward Cary),
Dates associated with a name 1831-1898.
245 00 - TITLE STATEMENT
Title Edward C. Walthall papers,
Inclusive dates 1816-1894.
300 ## - PHYSICAL DESCRIPTION
Extent 50
Type of unit items.
506 0# - RESTRICTIONS ON ACCESS NOTE
Terms governing access Open to research.
520 8# - SUMMARY, ETC.
Summary, etc. Correspondence (1859-1894) of Walthall concerning Confederate army appointments and prisoners during the Civil War, conditions following the war, and personal affairs. Also includes letters addressed to John Marshall and John Randolph relating to personal matters; photocopy of letter fragment concerning John C. Calhoun; and photocopy of handwritten poem by John Greenleaf Whittier titled Randolph of Roanoke.
530 ## - ADDITIONAL PHYSICAL FORM AVAILABLE NOTE
Additional physical form available note Photocopies.
545 0# - BIOGRAPHICAL OR HISTORICAL DATA
Biographical or historical data Confederate army officer and U.S. senator from Mississippi.
546 ## - LANGUAGE NOTE
Language note Collection material in English.
580 ## - LINKING ENTRY COMPLEXITY NOTE
Linking entry complexity note Forms part of: Miscellaneous Manuscripts collection.
600 10 - SUBJECT ADDED ENTRY--PERSONAL NAME
Personal name Calhoun, John C.
Fuller form of name (John Caldwell),
Dates associated with a name 1782-1850
Form subdivision Correspondence.
600 10 - SUBJECT ADDED ENTRY--PERSONAL NAME
Personal name Marshall, John,
Dates associated with a name 1755-1835
Form subdivision Correspondence.
600 10 - SUBJECT ADDED ENTRY--PERSONAL NAME
Personal name Randolph, John,
Dates associated with a name 1773-1833
Form subdivision Correspondence.
610 10 - SUBJECT ADDED ENTRY--CORPORATE NAME
Corporate name or jurisdiction name as entry element Confederate States of America.
Subordinate unit Army.
651 #0 - SUBJECT ADDED ENTRY--GEOGRAPHIC NAME
Geographic name United States
General subdivision History
Chronological subdivision Civil War, 1861-1865.
651 #0 - SUBJECT ADDED ENTRY--GEOGRAPHIC NAME
Geographic name United States
General subdivision History
Chronological subdivision Civil War, 1861-1865
General subdivision Prisoners and prisons.
651 #0 - SUBJECT ADDED ENTRY--GEOGRAPHIC NAME
Geographic name United States
General subdivision History
Chronological subdivision 1865-1898.
656 #7 - INDEX TERM--OCCUPATION
Occupation Army officers, Confederate.
Source of term itoamc
656 #7 - INDEX TERM--OCCUPATION
Occupation Senators, U.S. Congress
Geographic subdivision Mississippi.
Source of term itoamc
700 1# - ADDED ENTRY--PERSONAL NAME
Personal name Whittier, John Greenleaf,
Dates associated with a name 1807-1892.
Title of a work Randolph of Roanoke :
Form subheading poem.

No items available.

Powered by Koha